|
|
|
|
| LEADER |
03484nem a2200577 a 4500 |
| 001 |
000853642 |
| 003 |
CZ BrMZK |
| 005 |
20171128155312.0 |
| 007 |
aj|c|||| |
| 008 |
070611s1952 xr cg||cz|a |r|0|||cze d |
| 034 |
1 |
|
|a a
|b 1000000
|d E0053516
|e E0153849
|f N0550625
|g N0465057
|
| 040 |
|
|
|a ABA001
|b cze
|c PNA001
|d ABA001
|
| 043 |
|
|
|a e-gx---
|
| 072 |
|
7 |
|a 913(4)
|x Geografie Evropy, reálie, cestování
|2 Konspekt
|9 7
|
| 072 |
|
7 |
|a 912
|x Mapy. Atlasy. Glóby
|2 Konspekt
|9 7
|
| 080 |
|
|
|a (430)
|2 MRF
|
| 080 |
|
|
|a (084.3)32
|2 MRF
|
| 100 |
1 |
|
|a Kuchař, Karel,
|d 1906-1975
|7 jk01070727
|4 aut
|
| 245 |
1 |
0 |
|a Německo :
|h [kartografický dokument]
|b politická mapa /
|c autoři Karel Kuchař a Jaromír Janka ; obálku navrhl Jaroslav Šváb ; kartograficky zpracoval a vytiskl Orbis ; za kartografické zpracování odpovídá Karel Slavík, za reprodukci a tisk Fr. Halama
|
| 250 |
|
|
|a 1. vyd.
|
| 255 |
|
|
|a Měřítko 1:1 000 000 ;
|b kuželové vyrovnávací zobrazení
|c (005°35´16" v.d.--015°38´49" v.d./055°06´25" s.š.--046°50´57" s.š.)
|
| 260 |
|
|
|a Praha :
|b Orbis,
|c 1952
|
| 300 |
|
|
|a 1 mapa :
|b barev. ;
|c 91 x 65 cm, na listu 99 x 73 cm
|
| 490 |
1 |
|
|a Mapy Orbis ;
|v Čís. 5
|
| 500 |
|
|
|a 15400 výt.
|
| 500 |
|
|
|a Nové administrativní rozdělení Něm. dem. republ.
|
| 500 |
|
|
|a Na rubu doprovodný text, statistické přehledy a plán bitvy o Berlín v roce 1945 a plán Berlína
|
| 651 |
|
7 |
|a Německo
|7 ge135889
|2 czenas
|
| 655 |
|
7 |
|a politické a správní mapy
|7 fd133032
|2 czenas
|
| 700 |
1 |
|
|a Janka, Jaromír,
|d 1908-1976
|7 jk01050967
|4 ctg
|
| 700 |
1 |
|
|a Slavík, Karel,
|d 1902-1990
|7 jz8600940
|4 pbd
|
| 700 |
1 |
|
|a Halama, František
|4 red
|
| 830 |
|
0 |
|a Mapy Orbis
|
| 856 |
4 |
1 |
|u http://www.digitalniknihovna.cz/mzk/uuid/uuid:c22791f2-961e-47fa-950f-5327b89e01fe
|y Digitalizovaný dokument (exemplář s čárovým kódem 2619614760)
|
| 910 |
|
|
|a BOA001
|b PK-0004.079
|b TK-0068.770
|b Skř.9A-0301.121
|
| 990 |
|
|
|a MP
|
| 991 |
|
|
|b 200706
|
| 996 |
7 |
|
|b 2619614757
|c Skř.9A-0301.121
|l MZK
|r Sklad / do 24 hodin
|n 0
|w 000853642
|u 000150
|a 1
|e BOA001
|j MZK50
|s A
|
| 996 |
7 |
|
|b 2619614758
|c Skř.9A-0301.121
|l MZK
|r Sklad / do 24 hodin
|n 0
|w 000853642
|u 000140
|a 1
|e BOA001
|j MZK50
|s A
|
| 996 |
7 |
|
|b 2619614759
|c Skř.9A-0301.121
|l MZK
|r Sklad / do 24 hodin
|n 0
|w 000853642
|u 000130
|a 1
|e BOA001
|j MZK50
|s A
|
| 996 |
6 |
|
|b 2619614760
|c Skř.9A-0301.121
|l MZK
|r Sklad / do 24 hodin
|n 0
|w 000853642
|u 000120
|a 1
|e BOA001
|j MZK50
|s P
|
| 996 |
6 |
|
|b 3119657522
|c PK-0004.079
|l MZK
|r Sklad / do 1 hodiny
|n 2
|w 000853642
|u 000010
|a 1
|e BOA001
|j MZK50
|s P
|
| 996 |
6 |
|
|b BC-981383
|c TK-0068.770
|l MZK
|r Sklad / do 24 hodin
|n 0
|w 000853642
|u 000030
|a 1
|e BOA001
|j MZK50
|s P
|
| 996 |
6 |
|
|b BC-981384
|c TK-0068.770
|l MZK
|r Sklad / do 24 hodin
|n 0
|w 000853642
|u 000040
|a 1
|e BOA001
|j MZK50
|s P
|
| 996 |
6 |
|
|b BC-981385
|c TK-0068.770
|l MZK
|r Sklad / do 24 hodin
|n 0
|w 000853642
|u 000050
|a 1
|e BOA001
|j MZK50
|s P
|
| 996 |
6 |
|
|b BC-981386
|c TK-0068.770
|l MZK
|r Sklad / do 24 hodin
|n 0
|w 000853642
|u 000060
|a 1
|e BOA001
|j MZK50
|s P
|
| 996 |
6 |
|
|b BC-981387
|c TK-0068.770
|l MZK
|r Sklad / do 24 hodin
|n 0
|w 000853642
|u 000070
|a 1
|e BOA001
|j MZK50
|s P
|
| 996 |
6 |
|
|b BC-981388
|c TK-0068.770
|l MZK
|r Sklad / do 24 hodin
|n 0
|w 000853642
|u 000080
|a 1
|e BOA001
|j MZK50
|s P
|
| 996 |
6 |
|
|b BC-981389
|c TK-0068.770
|l MZK
|r Sklad / do 24 hodin
|n 0
|w 000853642
|u 000090
|a 1
|e BOA001
|j MZK50
|s P
|
| 996 |
6 |
|
|b BC-981390
|c TK-0068.770
|l MZK
|r Sklad / do 24 hodin
|n 0
|w 000853642
|u 000100
|a 1
|e BOA001
|j MZK50
|s P
|
| 996 |
6 |
|
|b BC-981391
|c TK-0068.770
|l MZK
|r Sklad / do 24 hodin
|n 0
|w 000853642
|u 000110
|a 1
|e BOA001
|j MZK50
|s P
|